header

Developing the musician (Record no. 218293)

MARC details
000 -LEADER
fixed length control field 01445nam a2200337 a 4500
082 04 - DEWEY DECIMAL CLASSIFICATION NUMBER
Classification number 780.71
245 00 - TITLE STATEMENT
Title Developing the musician
260 ## - PUBLICATION, DISTRIBUTION, ETC. (IMPRINT)
Place of publication Burlington, Vt. :
Name of publisher Ashgate,
Year of publication 2013.
300 ## - PHYSICAL DESCRIPTION
Number of Pages xviii, 329 p. :
Other physical details ill.
505 0# - FORMATTED CONTENTS NOTE
Formatted contents note pt. 1. Aspiration and identity -- pt. 2. Attitudes to teaching and learning -- pt. 3. Modes of assessment.
650 #0 - SUBJECT ADDED ENTRY--TOPICAL TERM
Topical Term Music
Topical Term Musical ability.
700 1# - ADDED ENTRY--PERSONAL NAME
Personal name Stakelum, Mary.
856 40 - ELECTRONIC LOCATION AND ACCESS
Uniform Resource Identifier http://site.ebrary.com/lib/rucke/Doc?id=10753262

No items available.

© 2026 Rongo University
Contact us: librarian | system librarian | Rongo university